000
00314 a2200109 4500
001
ART_11199
005
20260410161855.0
008
260409a
245
1
0
_a
El Keynesianismo en los Estados Unidos
100
1
_a
Dobbs, Zigmund
773
0
_t
Revista de Economía
_g
- Nº 37 (jun. 1983)
_w
REV11077
999
_c
25381
_d
25381